Guess the Taylor Swift Song (no hints) 196 - Statistics

General Stats
  • This quiz has been taken 59 times
  • The average score is 357 of 439
Answer Stats
Answer % Correct
I
100%
the
100%
The
100%
a
97%
And
97%
and
97%
me
97%
to
97%
we
97%
when
97%
You
97%
you
97%
you,
97%
your
97%
Your
97%
Is
94%
is
94%
go?
90%
I'm
90%
In
90%
in
90%
there
90%
for
87%
I'll
87%
know
87%
Know
87%
like
87%
This
87%
this
87%
All
84%
all
84%
be
84%
it's
84%
my
84%
You'll
84%
you'll
84%
But
81%
just
81%
not
81%
now
81%
of
81%
that
81%
back
77%
'Cause
77%
has
77%
I've
77%
look
77%
mine
77%
said,
77%
So
77%
up
77%
wanna
77%
yours
77%
changed
74%
didn't
74%
everything
74%
Everything
74%
knew
74%
time
74%
better,
71%
better
71%
down,
71%
down
71%
mind
71%
why
71%
eyes
68%
feel
68%
home
68%
off
68%
take
68%
tell
68%
door
65%
"Hello"
65%
open
65%
simple
65%
something
65%
yesterday
65%
before
61%
Come
61%
comin'
61%
good
61%
makin'
61%
seen
61%
Since
61%
since
61%
smile
61%
ago
58%
blue
58%
days,
58%
'em
58%
freckles
58%
held
58%
hours
58%
making
58%
new
58%
eighteen
55%
green
55%
let
55%
lost
55%
name
55%
Takin'
55%
woke
55%
butterflies
52%
face
52%
feelin'
52%
found
52%
morning
52%
painted
52%
pouring
52%
rain
52%
stomach
52%
walls
52%
highest
48%
hopes
48%
meet
48%
missed
48%
dust
45%
kind,
45%
Stood
45%
tall
45%
beautiful
42%
grace
42%
tonight
42%
flight,
39%
No matching quizzes found
Score Distribution
Percent of People with Each Score
Percentile by Number Answered
Your Score History
You have not taken this quiz